[Event "4th Summer Cup"]
[Site "Porto Carras GRE"]
[Date "2009.07.21"]
[Round "5"]
[White "Gamback,B"]
[Black "Pavlidis,Ana"]
[Result "0-1"]
[WhiteElo "2182"]
[BlackElo "2348"]

1.e4 c5 2.c3 Nf6 3.e5 Nd5 4.d4 cxd4 5.Nf3 Nc6 6.Bc4 Nb6 7.Bb3 d6 8.exd6 Qxd6
9.O-O Be6 10.Bxe6 Qxe6 11.Nxd4 Qd7 12.Nxc6 Qxc6 13.Be3 Nc4 14.Qe2 Nxe3 15.Qxe3 e6
16.Nd2 Be7 17.Rfd1 O-O 18.Nf3 Rfd8 19.h3 Rd5 20.Rxd5 Qxd5 21.b3 Bc5 22.c4 Qf5
23.Qd2 Bb6 24.Rd1 h6 25.a3 Rd8 26.Qe2 Rxd1+ 27.Qxd1 Qc5 28.Qd7 Qxf2+ 29.Kh2 Qc5
30.Qxb7 Qd6+ 31.Kh1 Qxa3 32.Qc6 Qc1+ 33.Kh2 Qf4+ 34.Kh1 Bf2 35.Qd7 Qc1+ 36.Kh2 Be3
37.Qd8+ Kh7 38.Qd3+ g6 39.Qe2 e5 40.Nxe5 Bg1+ 41.Kg3 Qg5+ 42.Kf3 Qh5+ 43.g4 Qxh3+
44.Ke4 Qxb3 45.Qf1 Qe3+ 46.Kd5 Qc5+ 47.Ke4 Qd4+ 48.Kf3 Bh2 49.Nxf7 Qf4+ 50.Kg2 Qxf1+
51.Kxf1 Bc7 52.c5 Kg7 53.Nd6 Bxd6 54.cxd6 Kf6 55.d7 Ke7 56.d8=Q+ Kxd8  0-1

[Event "XXVII Andorra Open"]
[Site "Arinsal AND"]
[Date "2009.07.22"]
[Round "5"]
[White "Schneider,Ve"]
[Black "De la Riva Aguado,O"]
[Result "0-1"]
[WhiteElo "2301"]
[BlackElo "2532"]

1.e4 c5 2.c3 Nf6 3.e5 Nd5 4.Nf3 Nc6 5.d4 cxd4 6.cxd4 d6 7.Bc4 dxe5 8.Nxe5 e6
9.O-O Bd6 10.Bxd5 exd5 11.Nc3 O-O 12.Bf4 Bxe5 13.dxe5 Be6 14.Re1 d4 15.Ne4 Qd5
16.Nd6 Rad8 17.Rc1 Rd7 18.b3 b6 19.Qc2 Ne7 20.Qe4 f6 21.Rcd1 fxe5 22.Bxe5 Qxe4
23.Rxe4 Nc6 24.Bg3 Bd5 25.Rf4 Rfd8 26.Nb5 a6 27.Na3 h6 28.h4 Bf7 29.f3 d3
30.Bf2 b5 31.Nb1 Rc8 32.Nd2 Ne7 33.Ne4 Rd5 34.Rg4 Kh7 35.Bd4 Bg6 36.h5 Rxh5
37.Rxd3 Rd5 38.Rd2 Nf5 39.Bc3 Rxd2 40.Bxd2 Rc2 41.a4 Bf7 42.axb5 axb5 43.b4 g5
44.Kh2 Bh5 45.Nf6+ Kg6 46.Nxh5 Kxh5 47.Be1 Ne3 48.Rg3 Nf1+ 49.Kh3 Nxg3 50.Bxg3 Kg6
51.Bd6 Kf5 52.g4+ Ke6 53.Bf8 Rc8 54.Bg7 Rc7 55.Bb2 Rc4  0-1

[Event "Maria Albulet Mem"]
[Site "Braila ROM"]
[Date "2009.07.22"]
[Round "7"]
[White "Gheorghe,C"]
[Black "Sgircea,S"]
[Result "1-0"]
[WhiteElo "2209"]
[BlackElo "2199"]

1.e4 c5 2.c3 Nf6 3.e5 Nd5 4.d4 cxd4 5.Nf3 Nc6 6.Bc4 e6 7.cxd4 d6 8.O-O Be7
9.a3 O-O 10.Qe2 Qc7 11.b4 a6 12.Bb2 Bd7 13.Nbd2 Rac8 14.Qe4 Ndxb4 15.exd6 Bxd6
16.axb4 Nxb4 17.Ne5 b5 18.Bb3 Bc6 19.Nxc6 Qxc6 20.Qg4 Qb6 21.Ne4 Bb8 22.Nf6+ Kh8
23.d5 Qd6 24.g3 e5 25.Ba3  1-0

[Event "13th Battle of Senta Open A"]
[Site "Senta SRB"]
[Date "2009.07.22"]
[Round "6"]
[White "Savic,Miod1"]
[Black "Arsovic,G"]
[Result "1/2-1/2"]
[WhiteElo "2535"]
[BlackElo "2423"]

1.e4 c5 2.c3 Nf6 3.e5 Nd5 4.Nf3 d6 5.exd6 e6 6.g3 Bxd6 7.Bg2 Nc6 8.d4 cxd4
9.Nxd4 Nxd4 10.Qxd4 O-O 11.Nd2 Qc7 12.O-O  1/2-1/2

[Event "ch-Africa"]
[Site "Tripoli LBA"]
[Date "2009.07.22"]
[Round "2"]
[White "Simutowe,A"]
[Black "Solomon,K"]
[Result "1/2-1/2"]
[WhiteElo "2481"]
[BlackElo "2351"]

1.e4 c5 2.c3 Nf6 3.e5 Nd5 4.d4 cxd4 5.Qxd4 e6 6.Nf3 Nc6 7.Qe4 Qc7 8.c4 f5
9.exf6 Nxf6 10.Qc2 Bb4+ 11.Nbd2 Ne5 12.Nxe5 Qxe5+ 13.Be2 O-O 14.a3 Ba5 15.Kf1 Bxd2
16.Bxd2 Ne4 17.Be3 d5 18.Rd1 Bd7 19.cxd5 exd5 20.Qd3 Bc6 21.Qd4 Qe6 22.Bd3 a6
23.f3 Rae8 24.Re1 Qg6 25.Re2 Qh5 26.Kg1 Nd6 27.Bd2 Rxe2 28.Bxe2 Re8 29.Kf2 Nf5
30.Qf4 Qf7 31.Re1 Ne7 32.Bd3 Qxf4 33.Bxf4 g6 34.Be5 Kf7 35.Rc1 Nf5 36.f4 Ne7
37.g4 Rc8 38.h3 Bd7 39.Re1 Bb5 40.Bb1 Bd7 41.Bc3 Bb5 42.Re5 Bc4 43.f5 gxf5
44.Bxf5 Nxf5 45.Rxf5+ Ke6 46.Rf6+ Ke7 47.Ke3 Rc6 48.Rf5 Re6+ 49.Be5 Ba2 50.Rh5 Bb1
51.Kd4 Be4 52.Rg5 Rg6 53.Rxg6 hxg6 54.h4 Bf3 55.g5 Ke6 56.Bg3 Kd7 57.Ke5 Ke7
58.Bf2 Kd7 59.a4 Kc6  1/2-1/2

[Event "Synthesia Rapid Open"]
[Site "Pardubice CZE"]
[Date "2009.07.23"]
[Round "7"]
[White "Mishin,Al"]
[Black "Cvek,R"]
[Result "1/2-1/2"]
[WhiteElo "2323"]
[BlackElo "2520"]

1.e4 c5 2.c3 Nf6 3.e5 Nd5 4.Nf3 Nc6 5.Bc4 e6 6.O-O d6 7.d4 cxd4 8.Bxd5 exd5
9.exd6 Bxd6 10.Re1+ Be6 11.Nxd4 Nxd4 12.Qxd4 O-O 13.Bf4 Bxf4 14.Qxf4 Qb6
15.Re2 Rfd8 16.Qd4 Qxd4 17.cxd4 Rac8 18.Nc3 Rc4 19.Rd1 Rd6 20.f3 f6 21.Kf2 Kf7
22.Rd3 a6 23.Nd1 Rdc6 24.Rb3 b5 25.Rd2 Rc1 26.Rc3 b4 27.Rxc6 Rxc6 28.Ne3 Rc1
29.Rc2 Ra1 30.Rc7+ Kg6 31.Rc6 Bf7 32.Rxa6 b3 33.a4 Rb1 34.Rb6 Rxb2+ 35.Kg3 Rb1
36.a5 b2 37.Kf4 Ra1 38.Rxb2 Rxa5 39.Rb7 Be6 40.Re7 Ra6 41.g4 h5 42.h4 hxg4
43.fxg4 Kh7 44.Nf5 Bxf5 45.Kxf5 Ra1 46.g5 Rf1+ 47.Kg4 fxg5 48.hxg5 Rd1 49.Kf5 Rf1+
50.Kg4  1/2-1/2

[Event "4th Summer Cup"]
[Site "Porto Carras GRE"]
[Date "2009.07.23"]
[Round "7"]
[White "Hadzimanolis,A"]
[Black "Andreou,A"]
[Result "1/2-1/2"]
[WhiteElo "2296"]
[BlackElo "2214"]

1.e4 c5 2.c3 Nf6 3.e5 Nd5 4.d4 cxd4 5.cxd4 d6 6.Nf3 Nc6 7.Bc4 Nb6 8.Bb3 d5
9.O-O Bg4 10.h3 Bxf3 11.gxf3 Qd7 12.Kh2 f6 13.f4 O-O-O 14.Nc3 g5 15.Na4 e6
16.exf6 Bd6 17.Qg4 Nxd4 18.Nxb6+ axb6 19.Be3 Nf5 20.Qxg5 Qf7 21.Qg4 Qxf6
22.Rg1 Kb8 23.Bxb6 Rc8 24.Kh1 h5 25.Qg6 Qh4 26.Qg2 Rhg8 27.Qf3 Bxf4 28.Rg2 Rxg2
29.Qxg2 Be5 30.Re1 Qf6 31.Qf3 Rc6 32.Ba5 Nd4 33.Qxf6 Bxf6 34.Bd1 h4 35.Bc3 Kc7
36.Bg4 e5 37.Rd1 Kd6 38.f4 Rc4 39.fxe5+ Bxe5 40.Kg2 Nb5 41.Be1 Rc2+ 42.Kf1 Rxb2
43.Bf3 Nc7 44.Bxh4 Rxa2 45.Bd8 Ra1 46.Rxa1 Bxa1 47.Bxc7+  1/2-1/2

[Event "XXXV d'Esca Open"]
[Site "Sitges ESP"]
[Date "2009.07.23"]
[Round "2"]
[White "Dominguez Rueda,J"]
[Black "Cruz,Cr"]
[Result "0-1"]
[WhiteElo "2199"]
[BlackElo "2525"]

1.e4 c5 2.c3 Nf6 3.e5 Nd5 4.d4 cxd4 5.cxd4 d6 6.exd6 Qxd6 7.Nf3 Nc6 8.Nc3 Bg4
9.Nxd5 Qxd5 10.Be2 e6 11.O-O Be7 12.Be3 O-O 13.h3 Bh5 14.Ne5 Bxe2 15.Nxc6 Qxc6
16.Qxe2 Qd5 17.Rfc1 Rac8 18.Rc2 f5 19.Rxc8 Rxc8 20.b3 Qe4 21.Re1 Bf6 22.Kf1 a6
23.Bf4 Qxe2+ 24.Rxe2 Kf7 25.Rd2 Ke7 26.d5 e5 27.Be3 Kd7 28.Ke2 Be7 29.f3 Bb4
30.Rb2 Kd6 31.Bd2 Ba3 32.Rb1 Rc2 33.Kd3 Rxa2 34.b4 Rb2  0-1

[Event "Najdorf Mem Open"]
[Site "Warsaw POL"]
[Date "2009.07.23"]
[Round "6"]
[White "Skawinski,A"]
[Black "Stachowiak,K"]
[Result "1/2-1/2"]
[WhiteElo "2153"]
[BlackElo "2412"]

1.e4 c5 2.c3 Nf6 3.e5 Nd5 4.d4 cxd4 5.Nf3 Nc6 6.Bc4 Nb6 7.Bb3 d5 8.exd6 Qxd6
9.O-O Be6 10.Na3 Bxb3 11.Qxb3 e6 12.Nb5 Qd7 13.Nbxd4 Nxd4 14.Nxd4 Be7 15.Rd1 O-O
16.Nf5 Qe8 17.Nxe7+ Qxe7 18.Be3 Nd5 19.Bd4 Rfd8 20.c4 Nb4 21.a3 Nc6 22.Qe3 Qh4
23.g3 Qh5 24.Rd2 e5 25.Bc3 Rxd2 26.Qxd2 Rd8 27.Qe3 Qg4 28.Re1 Qxc4 29.Bxe5 Re8
30.Qd2 Qe6 31.Bc3 Qxe1+ 32.Qxe1 Rxe1+ 33.Bxe1 f6 34.Bc3 Kf7 35.Kf1 Ke6 36.Ke2 Kd5
37.Kd3 b5 38.b3 a5 39.h4 h5 40.f3 b4 41.axb4 axb4 42.Bd2 g6 43.g4 hxg4 44.fxg4 Ne5+
45.Ke2 Nxg4 46.Bxb4 Nh6 47.Kf3 Nf5 48.Bc3 Ke6  1/2-1/2

[Event "Maria Albulet Mem"]
[Site "Braila ROM"]
[Date "2009.07.24"]
[Round "9"]
[White "Yordanova,S"]
[Black "Sgircea,S"]
[Result "1-0"]
[WhiteElo "2200"]
[BlackElo "2199"]

1.e4 c5 2.c3 Nf6 3.e5 Nd5 4.Nf3 e6 5.d4 cxd4 6.cxd4 d6 7.a3 Nc6 8.Bd3 Qc7
9.O-O Be7 10.Qe2 O-O 11.b4 a6 12.Ra2 Qb6 13.Qe4 f5 14.exf6 Nxf6 15.Qh4 d5
16.Be3 Ne4 17.Qh5 Nf6 18.Qh4 Ne4 19.Qh5 Nf6 20.Qh3 e5 21.dxe5 d4 22.Qh4 dxe3
23.exf6 exf2+ 24.Raxf2 Bxf6 25.Qxh7+ Kf7 26.Re1 Be6 27.Ng5+ Ke7 28.Rxe6+ Kd7
29.Rxf6  1-0

[Event "Czech Open A"]
[Site "Pardubice CZE"]
[Date "2009.07.25"]
[Round "2"]
[White "Jesse,I"]
[Black "Neuman,P"]
[Result "1/2-1/2"]
[WhiteElo "2209"]
[BlackElo "2427"]

1.e4 c5 2.c3 Nf6 3.e5 Nd5 4.d4 cxd4 5.Nf3 d6 6.Qxd4 e6 7.Nbd2 Nc6 8.Bb5 Bd7
9.Bxc6 Bxc6 10.Nc4 dxe5 11.Ncxe5 Qc7 12.O-O f6 13.Nxc6 Qxc6 14.Qg4 Kf7 15.Re1 Re8
16.Bd2 h5 17.Qe4 Ne7 18.Qe2 Nf5 19.Bf4 g6 20.Nd4 Nxd4 21.cxd4 Bd6 22.Rac1 Qd5
23.Bxd6 Qxd6 24.Qb5 Re7 25.d5 Qxd5 26.Qxd5 exd5 27.Rxe7+ Kxe7 28.Rc7+ Ke6
29.Rxb7 Rc8 30.g3 d4 31.Kf1 Rc2 32.Rxa7 Rxb2 33.Ra5 d3 34.Ke1 Re2+ 35.Kf1 Rb2
36.Ke1 h4 37.Ra3 Rb1+ 38.Kd2 h3 39.Rxd3 Rh1 40.Rd8 Rxh2 41.Ke3 Rh1 42.Rh8 Kf7
43.Kf3 Kg7 44.Rh4 g5 45.Rh5 Kg6 46.g4 f5 47.Rh8 fxg4+ 48.Kxg4 Rg1+ 49.Kf3 Kf5
50.Rf8+ Ke5 51.Re8+ Kf6 52.Rh8 Ke5 53.Re8+ Kf6 54.Rh8 Kg6 55.a4 Kf5 56.Rf8+ Ke5
57.Re8+ Kd4 58.Rh8 Kc4 59.Ke3 g4 60.Kf4  1/2-1/2

[Event "4th Summer Cup"]
[Site "Porto Carras GRE"]
[Date "2009.07.25"]
[Round "9"]
[White "Hadzimanolis,A"]
[Black "Spiropoulos,P"]
[Result "1-0"]
[WhiteElo "2296"]
[BlackElo "2114"]

1.e4 c5 2.c3 Nf6 3.e5 Nd5 4.d4 cxd4 5.cxd4 d6 6.Nf3 Nc6 7.Bc4 dxe5 8.dxe5 Ndb4
9.Qxd8+ Nxd8 10.Na3 a6 11.Bd2 e6 12.O-O Ndc6 13.Rfd1 Be7 14.Rac1 O-O 15.Nb1 Rd8
16.Be1 b5 17.Rxd8+ Bxd8 18.Bf1 Bb7 19.Nc3 Ne7 20.a3 Nbd5 21.Ne4 Rc8 22.Rxc8 Bxc8
23.Nd6 Bc7 24.Nxc8 Nxc8 25.a4 Na7 26.b3 bxa4 27.bxa4 a5 28.g3 Nc6 29.Bb5 Na7
30.Ba6 Nc6 31.Bb7 Ncb4 32.Kf1 Kf8 33.Ke2 Ke8 34.Bxd5 Nxd5 35.Kd3 Kd7 36.Ng5 Nb6
37.Bxa5 Nxa4 38.Bxc7 Kxc7 39.Nxf7 Kd7 40.Ng5 h6 41.Ne4 Ke7 42.h4 Nb6 43.Kd4 Nd7
44.Nc5 Nb6 45.h5 Nd5 46.f4 Nb6 47.g4 Kf7 48.Nb7 Ke7 49.Nd6 Nd5 50.f5 Nf4
51.Nc8+ Kf7 52.Ke4 Nh3 53.Nd6+ Ke7 54.Ke3 Ng5 55.Ne4 Nf7 56.Kf4 Nd8 57.Nc5 exf5
58.gxf5 Kf7 59.Ke4 Nc6 60.Ne6 Nb4 61.Nf4 Nc2 62.Nd5 Ne1 63.Nb4 Ng2 64.Kf3 Nh4+
65.Kg4 Ng2 66.Nd3 Ke7 67.Kg3  1-0

[Event "4th Summer Cup"]
[Site "Porto Carras GRE"]
[Date "2009.07.25"]
[Round "9"]
[White "Gamback,B"]
[Black "Andreou,A"]
[Result "1/2-1/2"]
[WhiteElo "2182"]
[BlackElo "2214"]

1.e4 c5 2.c3 Nf6 3.e5 Nd5 4.Nf3 Nc6 5.Bc4 Nb6 6.Bb3 d5 7.exd6 Qxd6 8.O-O Bf5
9.d4 e6 10.Na3 Be7 11.Be3 cxd4 12.Nb5 Qd7 13.Nbxd4 Bg4 14.Qc2 Bxf3 15.Nxf3 O-O
16.Qe4 Rad8 17.Rad1 Qc8 18.Ng5 Bxg5 19.Bxg5 Rxd1 20.Rxd1 Re8 21.Rd3 Ne7 22.Bxe7 Rxe7
23.Rh3 h6 24.Bc2 f5 25.Qe5 Qc7 26.Qxc7 Rxc7 27.Bb3 Kf7 28.Rd3 Rd7 29.Rxd7+ Nxd7
30.Kf1 Ke7 31.Bc2 g5 32.Ke2 Kd6 33.b4 Nf6 34.f3  1/2-1/2

[Event "Continental ch-Americas"]
[Site "Sao Paulo BRA"]
[Date "2009.07.25"]
[Round "1"]
[White "Espinosa Flores,R"]
[Black "Pedroso,A"]
[Result "1-0"]
[WhiteElo "2401"]
[BlackElo "2028"]

1.e4 c5 2.c3 Nf6 3.e5 Nd5 4.d4 cxd4 5.Nf3 Nc6 6.Bc4 Nb6 7.Bb3 d6 8.exd6 e6
9.cxd4 Bxd6 10.O-O O-O 11.Nc3 Nb4 12.Re1 h6 13.Ne4 Be7 14.a3 N4d5 15.Qd3 Re8
16.Ne5 Bf8 17.Qf3 f5 18.Nc3 Nxc3 19.bxc3 Qf6 20.Qh5 Rd8 21.Re3 Bd6 22.Rg3 Bxe5
23.dxe5 Qxe5 24.Bxh6 Rd7 25.Bxg7 Qxg7 26.Bxe6+ Kf8 27.Rxg7 Kxg7 28.Qg5+ Kf8
29.Qf6+ Ke8 30.Bxd7+  1-0

[Event "ch-Africa w"]
[Site "Tripoli LBA"]
[Date "2009.07.25"]
[Round "5"]
[White "Mezioud,A"]
[Black "Greeff,M"]
[Result "0-1"]
[WhiteElo "2035"]
[BlackElo "2038"]

1.e4 c5 2.c3 Nf6 3.e5 Nd5 4.Nf3 Nc6 5.Bc4 e6 6.d4 cxd4 7.cxd4 d6 8.exd6 Bxd6
9.Nc3 Nxc3 10.bxc3 O-O 11.O-O Qa5 12.Qc2 h6 13.Re1 b5 14.Bb3 Bb7 15.Qd3 Rae8
16.Ne5 Ne7 17.Nd7 Nd5 18.Nxf8 Rxf8 19.Bd2 Nf4 20.Bxf4 Bxf4 21.g3 Bd6 22.Bc2 Rc8
23.Re3 g6 24.Rae1 Qxa2 25.Bd1 b4 26.c4 Qxc4 27.Qb1 Qxd4 28.Bb3 Bd5 29.Rd1 Qc5
30.Bxd5 exd5 31.Red3 Qb6 32.Rxd5 Bc5 33.Qb2 a5 34.Rd7 a4 35.Qa2 b3 36.Qe2 b2
37.Qf3 Qe6 38.Qb7 Re8 39.Qxb2 a3 40.Qd2 Qe2 41.Qxe2 Rxe2 42.R7d2 Re6 43.Rc2 Be7
44.Rd7 Bf6 45.Ra7 Bb2 46.Kf1 Kg7 47.Rcc7 Kg8 48.h3 Re4 49.Kg2 Re1 50.Rc8+ Kg7
51.Rca8 Re6 52.Rd8 Re1 53.Rdd7 Kg8 54.Rxf7 Bd4 55.Rab7 a2 56.Rfc7 Re8 57.Rc1 a1=Q
58.Rxa1 Bxa1 59.Kf3 Rf8+ 60.Ke2 Rf7 61.Rb5 Kg7 62.g4 Bd4 63.f3 Re7+ 64.Kd3 Bf2
65.Kd2 Re3 66.Rb7+ Kf6 67.Rb6+ Re6 68.Rb5 Bg3 69.Kd3 Bf4 70.Kd4 Be3+ 71.Kd3 Re5
72.Rb8 Kg5 73.Rf8 Kh4 74.f4 Re7 75.f5 gxf5 76.Rxf5 Kxh3 77.Rb5 Kxg4 78.Ke2 h5
79.Kf1 h4 80.Kg2 Bf4  0-1

[Event "Continental ch-Americas"]
[Site "Sao Paulo BRA"]
[Date "2009.07.26"]
[Round "2"]
[White "Borda,A"]
[Black "Flores Rios,M"]
[Result "0-1"]
[WhiteElo "2255"]
[BlackElo "2482"]

1.e4 c5 2.c3 Nf6 3.e5 Nd5 4.d4 cxd4 5.Nf3 e6 6.cxd4 d6 7.exd6 Bxd6 8.Bc4 Nf6
9.O-O Nbd7 10.Nc3 a6 11.a4 O-O 12.Qe2 Qc7 13.Bg5 b6 14.Rac1 Bb7 15.Bd3 Qb8
16.h3 Bf4 17.Bxf4 Qxf4 18.Qe3 Qd6 19.Rfd1 Nd5 20.Nxd5 Bxd5 21.Ne5 Nf6 22.Bc4 Bb7
23.Be2 Rab8 24.Bf3 Nd5 25.Bxd5 Bxd5 26.Qc3 Rb7 27.b4 f6 28.Nd3 Rd8 29.Nb2 Rbd7
30.Nc4 Qc6 31.Ne3 Qxa4 32.Nxd5 Rxd5 33.Qc7 R5d6 34.Re1 Qd7 35.Qc4 b5 36.Qa2 Kf7
37.Qc2 g6 38.Qa2 Qb7 39.Rc3 R8d7 40.Rce3 Rc7 41.Ra3 Qb6 42.Ra1 Ra7 43.Rd1 Qc6
44.Qd2 Rc7 45.Qh6 Kg8 46.Rda1 Ra7 47.Rc1 Qe8 48.Rac3 Rxd4 49.Rc8 Rd8 50.R1c7 Rxc7
51.Rxc7 Rd7 52.Qc1 Kf7 53.Rc8 Rd1+ 54.Qxd1 Qxc8 55.Qd6 g5 56.g3 Qb7 57.Qd3 Kg7
58.Qd6 Qc8 59.Qe7+ Kg6 60.Qd6 Kf7 61.Qd3 f5 62.Qd6 Qb7 63.Qd8 Qe7 64.Qh8 Qxb4
65.Qxh7+ Ke8 66.Qg8+ Kd7 67.Qxg5 Qe1+ 68.Kg2 Qe4+ 69.Kg1 Qe1+ 70.Kg2 b4 71.Qf6 Qe4+
72.Kg1 b3 73.Qf7+ Kc6 74.Qf6 Kb5 75.h4 Qe1+ 76.Kg2 Qe4+ 77.Kg1 Qe2 78.Qc3 Qd1+
79.Kg2 Qc2 80.Qe5+ Ka4 81.Qa1+ Kb4 82.Qd4+ Qc4 83.Qd2+ Ka3 84.Qa5+ Qa4 85.Qd2 Qe4+
86.Kg1 b2 87.Qc3+ Ka2 88.Qa5+ Kb3 89.Qb6+ Qb4 90.Qe3+ Qc3 91.Qxe6+ Qc4 92.Qb6+ Kc2  0-1

[Event "Women's Open"]
[Site "Vratsa BUL"]
[Date "2009.07.26"]
[Round "2"]
[White "Bulmaga,I"]
[Black "Sgircea,S"]
[Result "0-1"]
[WhiteElo "2277"]
[BlackElo "2199"]

1.e4 c5 2.c3 Nf6 3.e5 Nd5 4.d4 cxd4 5.Nf3 e6 6.cxd4 d6 7.Bc4 Nb6 8.Bd3 Nc6
9.O-O Nb4 10.Bb5+ Bd7 11.Qe2 a6 12.Bxd7+ Qxd7 13.Be3 Be7 14.Nc3 Rc8 15.a3 N4d5
16.Ne4 O-O 17.Rad1 Nc4 18.exd6 Bxd6 19.Nxd6 Qxd6 20.Bc1 Qb6 21.h3 Rfd8 22.Rd3 Qb5
23.a4 Qb4 24.b3 Nd6 25.Bd2 Qb6 26.Qe1 Qc7 27.Qc1 Qc2 28.Qxc2 Rxc2 29.Rc1 Rdc8
30.Rxc2 Rxc2 31.Ne1 Rc8 32.f3 h6 33.Kf2 b5 34.axb5 axb5 35.Ke2 Kf8 36.Kd1 Ke7
37.Nc2 Kf6 38.Nb4 Nxb4 39.Bxb4 Nf5 40.g4 Ne7 41.Bxe7+ Kxe7 42.Kd2 Kd6 43.Rc3 Rxc3
44.Kxc3 Kd5 45.Kb4 Kxd4 46.Kxb5 Ke3 47.Kc5 Kxf3 48.b4 e5 49.b5 e4 50.b6 e3
51.b7 e2 52.b8=Q e1=Q 53.Qb7+ Kg3 54.Qb3+ Kh4 55.Qxf7 Qe5+ 56.Kc4 Kxh3 57.Qd7 Qe4+
58.Kb5 Qxg4 59.Qd3+ Kh4 60.Ka6 g5 61.Qd6 Qe2+ 62.Ka7 h5 63.Qf6 Qe3+ 64.Ka8 Qf4
65.Qe7 Kh3 66.Qa3+ Qg3 67.Qc1 g4 68.Ka7 h4 69.Qh1+ Qh2 70.Qe4 Qf2+ 71.Ka6 Qf3
72.Qe6 Kh2 73.Qa2+ Qg2 74.Qe6 g3 75.Qg4 Qf1+ 76.Ka5 Qe1+ 77.Ka6 g2 78.Qf4+ Kh1  0-1

[Event "Najdorf Mem Open"]
[Site "Warsaw POL"]
[Date "2009.07.26"]
[Round "9"]
[White "Krainski,S"]
[Black "Zwolakiewicz,K"]
[Result "1/2-1/2"]
[WhiteElo "2152"]
[BlackElo "2057"]

1.e4 c5 2.c3 Nf6 3.e5 Nd5 4.d4 cxd4 5.cxd4 e6 6.Nf3 d6 7.Bc4 Nb6 8.Bd3 dxe5
9.dxe5 Be7 10.Nc3 Bd7 11.O-O Bc6 12.Qe2 N8d7 13.Re1 Nc5 14.Bc2 Rc8 15.Bf4 Nd5
16.Nxd5 Bxd5 17.Rad1 Qb6 18.b3 Qa6 19.b4 Qxe2 20.Rxe2 Nd7 21.a3  1/2-1/2

[Event "Czech Open A"]
[Site "Pardubice CZE"]
[Date "2009.07.27"]
[Round "4"]
[White "Holmsgaard,H"]
[Black "Lanin,A"]
[Result "1/2-1/2"]
[WhiteElo "2319"]
[BlackElo "2449"]

1.e4 c5 2.c3 Nf6 3.e5 Nd5 4.d4 cxd4 5.cxd4 d6 6.Nf3 Nc6 7.Bc4 e6 8.O-O Be7
9.Re1 O-O 10.a3 Bd7 11.Qd3 Rc8 12.Bd2 Na5 13.Ba2 a6 14.Nc3 Nxc3 15.Bxc3 Bb5
16.Qd2 Nc4 17.Qc2 Nb6 18.Rac1 Na4 19.Qd2 dxe5 20.Nxe5 Nxc3 21.Rxc3 Rxc3 22.Qxc3 Bd6
23.d5 exd5 24.Bxd5 Qf6 25.Re3 Bxe5  1/2-1/2

[Event "14th Open"]
[Site "Creon FRA"]
[Date "2009.07.28"]
[Round "2"]
[White "Ballan,G"]
[Black "Rollin,P"]
[Result "1-0"]
[WhiteElo "1945"]
[BlackElo "2047"]

1.e4 c5 2.c3 Nf6 3.e5 Nd5 4.d4 cxd4 5.Bc4 Qc7 6.Qe2 e6 7.Bxd5 exd5 8.Nf3 dxc3
9.Nxc3 Bb4 10.Bd2 Bxc3 11.Bxc3 O-O 12.O-O b6 13.Rfd1 Bb7 14.Rac1 Qc4 15.Qd2 Qg4
16.Qd4 Qe4 17.Re1 Qxd4 18.Nxd4 Na6 19.Nf5 Nc5 20.Bb4 Nd3 21.Bxf8 Nxc1 22.Bxg7 Nxa2
23.Bf6 Nb4 24.Re3 Nc6 25.Rg3+ Kf8 26.Nh6 Ne7 27.Rg7  1-0

[Event "ZMD Open"]
[Site "Dresden GER"]
[Date "2009.07.28"]
[Round "4"]
[White "Herrich,C"]
[Black "Peschlow,P"]
[Result "0-1"]
[WhiteElo "2005"]
[BlackElo "2296"]

1.e4 c5 2.c3 Nf6 3.e5 Nd5 4.Nf3 e6 5.d4 cxd4 6.cxd4 b6 7.Nc3 Nxc3 8.bxc3 Qc7
9.Bd2 Bb7 10.Bd3 d6 11.O-O Nd7 12.Ng5 dxe5 13.Qh5 g6 14.Qh3 Be7 15.Rae1 Bd5
16.c4 Bxc4 17.Rc1 b5 18.Rfe1 Qd6 19.Bxc4 bxc4 20.Rxc4 Qd5 21.Rec1 Bxg5 22.Bxg5 f6
23.Rc8+ Kf7 24.Rxa8 Qxa8 25.Be3 exd4 26.Bxd4 Qd5 27.Bxa7 Qxa2 28.Be3 Qd5
29.Qh6 Qh5 30.Qxh5 gxh5 31.h3 Rb8 32.Rc7 Ke7 33.Rc4 Rb5 34.Rc8 Rb8 35.Rc4 Rb5
36.Rc8 Kf7 37.Rh8 Kg7 38.Re8 Nf8 39.Bh6+ Kxh6 40.Rxf8 Kg7 41.Rd8 Rb4 42.g3 h4
43.g4 h5 44.gxh5 Rb5 45.Kg2 Rxh5 46.Ra8 Rg5+ 47.Kf3 Rf5+ 48.Kg2 Rf4 49.Rb8 Kg6
50.Rb5 e5 51.Ra5 Kf5 52.Ra6 Rb4 53.Ra2 Kf4 54.Re2 f5 55.Ra2 e4 56.Re2 Rb3
57.Ra2 Rb1 58.Rc2 Rd1 59.Ra2 Re1 60.Rb2 Rd1 61.Ra2 Ke5 62.Ra5+ Rd5 63.Ra2 f4
64.Rb2 f3+ 65.Kh2 Kf4 66.Rb8 Rd2 67.Rf8+ Ke5 68.Re8+ Kd4 69.Rd8+ Kc3 70.Rc8+ Kd4
71.Rd8+ Kc3 72.Rc8+ Kd3 73.Rd8+ Kc2 74.Rc8+ Kd1 75.Kg1 Ke2 76.Re8 Rd4 77.Re7 Rc4
78.Re8 Kd3 79.Ra8 Rc1+ 80.Kh2 Ke2 81.Re8 Kd3 82.Rd8+ Ke2 83.Re8 e3 84.Rxe3+ Kxf2
85.Re4 Kf1 86.Rxh4 f2 87.Re4 Re1 88.Rf4 Ke2 89.Kg3 Rg1+ 90.Kh4 f1=Q 91.Rxf1 Kxf1
92.Kh5 Kf2  0-1

[Event "zt 3.3"]
[Site "Ho Chi Minh City VIE"]
[Date "2009.07.28"]
[Round "8"]
[White "Nguyen Thanh Son"]
[Black "Paragua,M"]
[Result "1-0"]
[WhiteElo "2362"]
[BlackElo "2487"]

1.e4 c5 2.c3 Nf6 3.Qc2 Nc6 4.Nf3 e6 5.Be2 d5 6.d3 Be7 7.O-O Qc7 8.Re1 O-O
9.Bg5 b6 10.Nbd2 Bb7 11.Bf1 Rfd8 12.e5 Nd7 13.d4 h6 14.Bxe7 Nxe7 15.Rac1 Rac8
16.Qb1 a5 17.Bd3 Bc6 18.g4 Ng6 19.Bxg6 fxg6 20.Qxg6 Nf8 21.Qd3 Be8 22.Nh4 Qe7
23.Ng2 Bg6 24.Qe3 Nd7 25.a3 b5 26.f4 cxd4 27.cxd4 Nb6 28.Nb3 Nc4 29.Qf2 a4
30.Nc5 Rf8 31.Rc3 Rb8 32.Rf3 b4 33.f5 bxa3 34.bxa3 Rb2 35.Qg3 exf5 36.Nh4 Be8
37.Nxf5 Qa7 38.Ref1 Kh7 39.Ne6 Rxf5 40.Rxf5 Qe7 41.Nc5 Rd2 42.R5f4 g5 43.Rf6 Rxd4
44.Ne6  1-0

[Event "ch-AUT"]
[Site "Jenbach AUT"]
[Date "2009.07.28"]
[Round "4"]
[White "Neubauer,Ant"]
[Black "Theuretzbacher,K"]
[Result "0-1"]
[WhiteElo "2003"]
[BlackElo "2200"]

1.e4 c5 2.c3 Nf6 3.e5 Nd5 4.d4 cxd4 5.Nf3 e6 6.cxd4 d6 7.a3 Nd7 8.Bd3 Qc7
9.O-O Be7 10.Qe2 dxe5 11.dxe5 Nc5 12.Bc2 b6 13.b4 Ba6 14.b5 Bb7 15.Bb2 O-O
16.Nbd2 a6 17.a4 Rfd8 18.Rfc1 Qd7 19.Rd1 Qe8 20.Ne4 Nxe4 21.Qxe4 g6 22.bxa6 Rxa6
23.Qg4 Rc8 24.Bb3 b5 25.Ng5 h5 26.Qg3 bxa4 27.Bxd5 Bxd5 28.h4 Rc4 29.Ba3 Rg4
30.Qd3 Rxg2+ 31.Kf1 Ra8 32.f3 Rh2 33.Bxe7 Qxe7 34.Qd4 Rh1+ 35.Kf2 Rxd1 36.Qxd1 Qb4
37.Kg3 a3  0-1

[Event "ch-Euro Senior"]
[Site "Rogaska Slatina SLO"]
[Date "2009.07.28"]
[Round "7"]
[White "Sevenyuk,A"]
[Black "Kamensek,I"]
[Result "1/2-1/2"]
[WhiteElo "1899"]
[BlackElo "1777"]

1.e4 c5 2.c3 Nf6 3.e5 Nd5 4.d4 cxd4 5.Nf3 d6 6.Bc4 e6 7.cxd4 Nc6 8.O-O Nb6
9.Bb3 dxe5 10.dxe5 Qxd1 11.Rxd1 Be7 12.Nc3 Na5 13.Bc2 Bd7 14.Be4 Bc6 15.Bxc6+ Nxc6
16.b3 Rd8 17.Rxd8+ Bxd8 18.Ba3 Be7 19.Bxe7 Kxe7 20.Nb5 Nc8 21.Rd1 Rd8 22.Rxd8 Nxd8
23.Nfd4 a6 24.Nc3 Nb6 25.f4 Nc6 26.Nxc6+ bxc6 27.Kf2 Nd5 28.Ne2 Nb4 29.a4 c5
30.Ke3 Kd7 31.g4 g6 32.Ke4 Nc2 33.h4 h6 34.Kd3 Ne1+ 35.Kc4 Kc6 36.b4 cxb4
37.Kxb4 Nd3+ 38.Ka5 Nc5 39.f5 g5 40.hxg5 hxg5 41.fxe6 Nxe6 42.Kxa6 Nc5+ 43.Ka5 Kd5
44.Kb5 Nxa4 45.Kxa4 Kxe5 46.Kb3 Ke4 47.Kc3 Kf3 48.Kd3 Kxg4 49.Ke3 f5 50.Kf2 f4
51.Nd4 Kh4 52.Kf3  1/2-1/2

[Event "MTO"]
[Site "Biel SUI"]
[Date "2009.07.29"]
[Round "9"]
[White "Godena,M"]
[Black "Gallagher,Jo"]
[Result "1/2-1/2"]
[WhiteElo "2540"]
[BlackElo "2455"]

1.e4 c5 2.c3 Nf6 3.e5 Nd5 4.Nf3 d6 5.d4 cxd4 6.cxd4 Nc6 7.Bc4 Nb6 8.Bb5 dxe5
9.Nxe5 Bd7 10.Nxd7 Qxd7 11.Nc3 e6 12.O-O Rd8 13.Qg4 h5 14.Qg5 a6 15.Bxc6 Qxc6
16.Be3 Rh6 17.f3 Nd5 18.Nxd5 Rxd5 19.Qh4 Be7  1/2-1/2

[Event "ch-AUT"]
[Site "Jenbach AUT"]
[Date "2009.07.29"]
[Round "5"]
[White "Theuretzbacher,K"]
[Black "Freitag,Ma"]
[Result "1/2-1/2"]
[WhiteElo "2200"]
[BlackElo "2404"]

1.e4 c5 2.c3 Nf6 3.e5 Nd5 4.d4 cxd4 5.Nf3 Nc6 6.Bc4 Nb6 7.Bb3 d5 8.exd6 Qxd6
9.O-O Be6 10.Na3 Bxb3 11.Qxb3 e6 12.Nb5 Qd7 13.Nbxd4 Nxd4 14.Nxd4 Bc5 15.Be3 Rc8
16.Rfd1 Qa4 17.Qb5+ Qxb5 18.Nxb5 Nc4 19.Bxc5 Rxc5 20.Nd6+ Nxd6 21.Rxd6 Ke7
22.Rad1 Rc7 23.Kf1 h5 24.h4 Rb8 25.R1d2 b5 26.a3 a5 27.Ra6 a4 28.Ke2 Kf6
29.Rad6 Rc4 30.g3 Rb7 31.Ke3 Ke7 32.Ra6 g6 33.Rd3 Kf6 34.Rd8 Ke5 35.f3 Rc5
36.Rad6 Kf5 37.Rd4 Kf6 38.Rd3 Ke7 39.R8d6 Re5+ 40.Kf2 Kf6 41.R3d4 Ke7 42.Re4 Rf5  1/2-1/2

[Event "Czech Open A"]
[Site "Pardubice CZE"]
[Date "2009.07.29"]
[Round "6"]
[White "Gjuran,D"]
[Black "Chernyshov,K"]
[Result "0-1"]
[WhiteElo "2360"]
[BlackElo "2555"]

1.e4 c5 2.c3 Nf6 3.e5 Nd5 4.d4 cxd4 5.Nf3 Nc6 6.cxd4 d6 7.Bc4 Nb6 8.Bb5 dxe5
9.Nxe5 Bd7 10.Nc3 Nxe5 11.dxe5 Bxb5 12.Nxb5 Qxd1+ 13.Kxd1 Rd8+ 14.Ke2 e6
15.Be3 Nc4 16.Rac1 Nxe3 17.Kxe3 a6 18.Nd4 Be7 19.Rc7 Rd7 20.Rc8+ Bd8 21.Rhc1 O-O
22.Ke4 f5+ 23.exf6 gxf6 24.g4 Re8 25.Nf3 Kf7 26.R1c2 Rg8 27.h3 h5 28.Kf4 hxg4
29.hxg4 Rd3 30.Ke4 Rd5 31.Kf4 Rb5 32.R8c5 Rb4+ 33.R5c4 Bc7+ 34.Ke3 Bb6+ 35.Kf4 Rb5
36.a4 Rb3 37.R4c3 Rxc3 38.Rxc3 Bxf2 39.Rc7+ Kg6 40.Rxb7 Rc8 41.Rb4 a5 42.Re4 e5+
43.Nxe5+ fxe5+ 44.Rxe5 Rf8+ 45.Ke4 Be1 46.Kd5 Bb4 47.Re4 Rc8 48.Re2 Kg5 49.Rg2 Kf4
50.Ke6 Rc5 51.Kd7 Kf3 52.Rg1 Rg5 53.Kc6 Rxg4 54.Rh1 Ke3 55.Kb5 Kd3 56.Rc1 Rg5+  0-1

[Event "ch-Euro Senior"]
[Site "Rogaska Slatina SLO"]
[Date "2009.07.29"]
[Round "8"]
[White "Ofstad,P"]
[Black "Bratko,I"]
[Result "1-0"]
[WhiteElo "2158"]
[BlackElo "2229"]

1.e4 c5 2.c3 Nf6 3.e5 Nd5 4.g3 d6 5.exd6 e6 6.Bg2 Bxd6 7.Ne2 Nc6 8.d4 cxd4
9.Nxd4 Nxd4 10.Qxd4 O-O 11.O-O Qc7 12.Nd2 Bd7 13.Nf3 Rad8 14.c4 Nb4 15.Qc3 a5
16.Be3 f6 17.Rfd1 Bc5 18.a3 Na6 19.Bf4 Qb6 20.Nd4 Ba4 21.Nc2 Bxf2+ 22.Kh1 Bc6
23.h4 Ba4 24.c5 Qb5 25.Bd6 e5 26.Bxf8 Rxf8 27.Rd2 Bxc2 28.Rxf2 Bg6 29.Bd5+ Kh8
30.Qc4 Qd7 31.Bf3 Rc8 32.Rd1 Qc7 33.Rfd2 Be8 34.Rd6 f5 35.Qe6 e4 36.Qxf5 Bg6
37.Qxc8+  1-0